El libro de las bestias /

Сохранить в:
Библиографические подробности
Главный автор: Llull, Ramon, 1235-1315
Формат: Неизвестно
Язык:Spanish
Опубликовано: Barcelona : Visión libros, c1983.
Серии:(Colección cuentos, mitos y leyendas)
Предметы:
Метки: Добавить метку
Нет меток, Требуется 1-ая метка записи!

MARC

LEADER 000000000a22000000004500
001 005227
020 |a 8485958527 
041 0 |a spa 
082 0 4 |a 849.931   |b LL791L 
100 1 |a Llull, Ramon,   |d 1235-1315 
245 1 3 |a El libro de las bestias /   |c Ramon Llull. 
260 1 |a Barcelona :   |b Visión libros,   |c c1983. 
300 |a 90 páginas 
490 1 |a (Colección cuentos, mitos y leyendas) 
500 |a Título original: El llibre de les besties 
650 4 |a FABULAS 
650 4 |a LITERATURA CATALANA 
999 |c 10982  |d 10982 
942 |c BK  |h 849.931 LL791L  |2 z